Catálogo público

2023 ASHRAE Handbook : (Record no. 220542)

MARC details
000 -CABECERA
campo de control de longitud fija 04540nam a2200433 a 4500
003 - IDENTIFICADOR DEL NÚMERO DE CONTROL
campo de control CHAP
005 - FECHA Y HORA DE LA ÚLTIMA TRANSACCIÓN
campo de control 20250528133422.0
007 - CAMPO FIJO DE DESCRIPCIÓN FÍSICA--INFORMACIÓN GENERAL
campo de control de longitud fija ta
008 - DATOS DE LONGITUD FIJA--INFORMACIÓN GENERAL
campo de control de longitud fija 250528s2023 -usabdofrf||| 001 0 eng d
020 ## - NÚMERO INTERNACIONAL ESTÁNDAR DEL LIBRO
Número Internacional Estándar del Libro 978-1-955516-50-1
040 ## - FUENTE DE LA CATALOGACIÓN
Centro catalogador/agencia de origen mxchpua
Centro/agencia transcriptor CHAP
Normas de descripción rda
041 ## - CÓDIGO DE LENGUA
Código de lengua del texto/banda sonora o título independiente eng
Código de lengua del sumario o resumen eng
Código de lengua de la tabla de contenido eng
Código de lengua original eng
050 10 - SIGNATURA TOPOGRÁFICA DE LA BIBLIOTECA DEL CONGRESO
Número de clasificación TP490
Número de documento/Ítem .A84 2023
082 00 - NÚMERO DE LA CLASIFICACIÓN DECIMAL DEWEY
Número de edición 20
Número de clasificación 697
Número de documento/Ítem A84 2023
110 1# - ENTRADA PRINCIPAL--NOMBRE DE ENTIDAD CORPORATIVA
Nombre de entidad corporativa o nombre de jurisdicción como elemento de entrada American Society of Heating, Refrigerating and Air Conditioning Engineers (ASHRAE)
9 (RLIN) 5301
245 15 - MENCIÓN DE TÍTULO
Título 2023 ASHRAE Handbook :
Resto del título heating, ventilating, and air-conditioning applications /
Mención de responsabilidad, etc. American Society of Heating, Refrigerating and Air-Conditioning Engineers
246 10 - FORMA VARIANTE DE TÍTULO
Título propio/Titulo breve ASHRAE handbook :
Resto del título heating, ventilating, and air-conditioning applications
246 03 - FORMA VARIANTE DE TÍTULO
Título propio/Titulo breve Heating, ventilating, and air-conditioning applications
250 ## - MENCIÓN DE EDICIÓN
Mención de edición SI Edition
264 ## - PRODUCCIÓN, PUBLICACIÓN, DISTRIBUCIÓN, FABRICACIÓN Y COPYRIGHT
Producción, publicación, distribución, fabricación y copyright Peachtree Corners, GA :
Nombre del de productor, editor, distribuidor, fabricante ASHRAE,
Fecha de producción, publicación, distribución, fabricación o copyright 2023
300 ## - DESCRIPCIÓN FÍSICA
Extensión 1 v. (en paginación variada) :
Otras características físicas ilustraciones, mapas, gráficas, diagramas, tablas, fotos
336 ## - TIPO DE CONTENIDO
Fuente rdacontent
Término de tipo de contenido texto
Código de tipo de contenido txt
337 ## - TIPO DE MEDIO
Fuente rdamedia
Nombre/término del tipo de medio sin medio
Código del tipo de medio n
338 ## - TIPO DE SOPORTE
Fuente rdacarrier
Nombre/término del tipo de soporte volumen
Código del tipo de soporte nc
490 1# - MENCIÓN DE SERIE
Mención de serie ASHRAE Handbook
504 ## - NOTA DE BIBLIOGRAFÍA, ETC.
Nota de bibliografía, etc. Incluye bibliografías
520 2# - SUMARIO, ETC.
Sumario, etc. The 2023 ASHRAE Handbook—HVAC Applications comprises 67 chapters—our largest and most extensive volume yet—covering a broad range of facilities and topics, written to help engineers design and use equipment and systems described in other Handbook volumes. Main sections cover comfort, industrial, energy-related, general applications, and building operations and management. ASHRAE Technical Committees in each subject area have reviewed all chapters and revised them as needed for current technology and design practice.<br/><br/>There are two new chapters for this edition:<br/><br/>Chapter 23, Fire and EMT Stations and Training Academies, describes best practices for conditioning and ventilating these vital facilities.<br/>Chapter 66, In-Room Air Cleaners, covers use of in-room filtration to address air contaminants, with a special focus on removing pathogens. This volume has been greatly expanded and updated; just a few of the most notable revisions include the following:<br/>Chapter 4, Tall Buildings, has expanded its discussion of the neutral pressure level (NPL) and added a new worked example.<br/>Chapter 8, Educational Facilities, has updated design criteria and new content on air distribution, DOAS system controls, UVGI, inroom air cleaners, air quality monitoring, medical suite design, and energy dashboards and energy management systems.<br/>Chapter 20, Data Centers and Telecommunication Facilities, updated its coverage of thermal envelopes and added discussions of cooling types, commissioning, fire protection, water concerns, chillers, and economizers.<br/>Chapter 36, Solar Energy Use, expanded its discussion of photovoltaics and added information on green hydrogen as an energy source.<br/>Chapter 38, Owning and Operating Costs, added information on building information modeling (BIM), computerized maintenance management systems (CMMS), building automation systems (BAS), and automated fault detection and diagnosis (AFDD).<br/>Chapter 51, Service Water Heating, greatly expanded its discussion of hot-water load and equipment sizing, and incorporated detailed information about hotel hot-water heating system sizing from ASHRAE research project RP-1544.<br/>Chapter 56, Seismic-, Wind-, and Flood-Resistant Design, added a new section on flooding resilience, as well as expanding its discussions of seismic and wind resistance.<br/>Chapter 65, Occupant-Centric Sensing and Controls, added information on solicited and unsolicited categories of occupant comfort feedback, recent studies in the field, and greater detail about modeling tools and best practices.
650 13 - PUNTO DE ACCESO ADICIONAL DE MATERIA--TÉRMINO DE MATERIA
Término de materia o nombre geográfico como elemento de entrada Sistemas de calefacción
Subdivisión general Manuales, libros de texto, etc.
Fuente del encabezamiento o término atg
9 (RLIN) 159200
650 13 - PUNTO DE ACCESO ADICIONAL DE MATERIA--TÉRMINO DE MATERIA
Término de materia o nombre geográfico como elemento de entrada Refrigeración
Subdivisión general Manuales, libros de texto, etc.
Fuente del encabezamiento o término atg
9 (RLIN) 158636
650 17 - PUNTO DE ACCESO ADICIONAL DE MATERIA--TÉRMINO DE MATERIA
Término de materia o nombre geográfico como elemento de entrada Aire acondicionado
Fuente del encabezamiento o término atg
Subdivisión general Manuales, libros de texto, etc.
9 (RLIN) 3151
650 13 - PUNTO DE ACCESO ADICIONAL DE MATERIA--TÉRMINO DE MATERIA
Término de materia o nombre geográfico como elemento de entrada Sistemas de ventilación
Fuente del encabezamiento o término atg
Subdivisión general Manuales, libros de texto, etc.
9 (RLIN) 161233
650 13 - PUNTO DE ACCESO ADICIONAL DE MATERIA--TÉRMINO DE MATERIA
Término de materia o nombre geográfico como elemento de entrada Heating systems
Fuente del encabezamiento o término atg
Subdivisión general Manuals, text-books, etc.
9 (RLIN) 159199
650 13 - PUNTO DE ACCESO ADICIONAL DE MATERIA--TÉRMINO DE MATERIA
Término de materia o nombre geográfico como elemento de entrada Refrigeration
Subdivisión general Manuals, text-books, etc.
Fuente del encabezamiento o término atg
9 (RLIN) 159986
650 13 - PUNTO DE ACCESO ADICIONAL DE MATERIA--TÉRMINO DE MATERIA
Término de materia o nombre geográfico como elemento de entrada Air conditioning
Subdivisión general Manuals, text-books, etc.
Fuente del encabezamiento o término atg
9 (RLIN) 150971
650 13 - PUNTO DE ACCESO ADICIONAL DE MATERIA--TÉRMINO DE MATERIA
Término de materia o nombre geográfico como elemento de entrada Ventilation systems
Subdivisión general Manuals, text-books, etc.
Fuente del encabezamiento o término atg
9 (RLIN) 161234
710 1# - PUNTO DE ACCESO ADICIONAL--NOMBRE DE ENTIDAD CORPORATIVA
Nombre de entidad corporativa o nombre de jurisdicción como elemento de entrada American Society of Heating, Refrigerating and Air Conditioning Engineers (ASHRAE)
9 (RLIN) 5301
830 #0 - PUNTO DE ACCESO ADICIONAL DE SERIE-TÍTULO UNIFORME
Título uniforme ASHRAE Handbook
9 (RLIN) 188280
942 ## - ELEMENTOS DE PUNTO DE ACCESO ADICIONAL (KOHA)
Fuente del sistema de clasificación o colocación Dewey Decimal Classification
Tipo de ítem Koha Libro
Holdings
Estado de retiro Estado de pérdida Fuente del sistema de clasificación o colocación Estado dañado Restricciones de uso No para préstamo Código de colección Localización permanente Ubicación/localización actual Fecha de adquisición Fuente de adquisición Número de inventario Total de préstamos Signatura topográfica completa Código de barras Fecha visto por última vez Número de copia Precio válido a partir de Tipo de ítem Koha
    Dewey Decimal Classification   Préstamo interno   General Ingenieria Agroindustrial Ingenieria Agroindustrial 09/04/2025 Compra TIEC F. A105 279113   697 A84 2023 1102015485 28/05/2025 Ej. 1 28/05/2025 Libro
    Dewey Decimal Classification   Préstamo 5 días   General Ingenieria Agroindustrial Ingenieria Agroindustrial 09/04/2025 Compra TIEC F. A105 279114   697 A84 2023 1102015486 28/05/2025 Ej. 2 28/05/2025 Libro